[Event "Gradiste op 1st"]
[Site "Gradiste"]
[Date "2019.06.27"]
[Round "6"]
[White "Dabic, Stjepan"]
[Black "Mulic, Sulejman"]
[Result "1/2-1/2"]
[WhiteElo "2091"]
[BlackElo "1895"]
[PlyCount "88"]
[EventDate "2019.06.24"]
[EventType "swiss"]
[EventRounds "9"]
[EventCountry "CRO"]
[SourceTitle "EXT 2020"]
[Source "ChessBase"]
[SourceDate "2019.10.17"]
[SourceVersion "1"]
[SourceVersionDate "2019.10.17"]
[SourceQuality "1"]

1. d4 Nf6 2. c4 g6 3. Nc3 d6 4. e4 Bg7 5. h3 c5 6. Nf3 cxd4 7. Nxd4 Nc6 8. Be3 0-0 9. Be2 e5 10. Nc2 Be6 11. 0-0 Ne8 12. b4 f5 13. f3 f4 14. Bf2 h5 15. Nd5 b6 16. a4 Rf7 17. a5 bxa5 18. b5 Nb4 19. Ncxb4 axb4 20. Nxb4 g5 21. c5 dxc5 22. Qxd8 Rxd8 23. Bxc5 Bf8 24. Bxf8 Kxf8 25. Nc6 Rd2 26. Rfe1 Rc7 27. Rxa7 Rxa7 28. Nxa7 Ke7 29. Kf1 Nd6 30. Rc1 g4 31. hxg4 hxg4 32. Rc7+ Kf6 33. Rc6 g3 34. Ke1 Rd4 35. b6 Nb7 36. Rc7 Na5 37. b7 Rb4 38. Nb5 Nxb7 39. Rxb7 Rb1+ 40. Kd2 Rb2+ 41. Ke1 Rb1+ 42. Bd1 Rb2 43. Be2 Rb1+ 44. Bd1 Rb2 1/2-1/2

[Event "CRO-ch U15"]
[Site "Trogir"]
[Date "2019.06.19"]
[Round "5"]
[White "Dabic, Stjepan"]
[Black "Troselj, Ivan"]
[Result "1-0"]
[WhiteElo "2091"]
[BlackElo "1790"]
[PlyCount "105"]
[EventDate "2019.06.17"]
[EventType "swiss"]
[EventRounds "9"]
[EventCountry "CRO"]
[SourceTitle "EXT 2020"]
[Source "ChessBase"]
[SourceDate "2019.10.17"]
[SourceVersion "1"]
[SourceVersionDate "2019.10.17"]
[SourceQuality "1"]

1. d4 c5 2. d5 f5 3. g3 Nf6 4. Bg2 g6 5. Nh3 d6 6. 0-0 Bg7 7. c4 0-0 8. Nc3 Na6 9. Nf4 Nc7 10. h4 b6 11. Rb1 Qe8 12. b3 Nh5 13. Nxh5 Bxc3 14. Qc2 Be5 15. Nf4 Rb8 16. Bb2 Qf7 17. Bxe5 dxe5 18. Nd3 e4 19. Ne5 Qf6 20. Nc6 Rb7 21. f3 exf3 22. Bxf3 f4 23. Be4 Qd6 24. Rxf4 Rxf4 25. gxf4 Ne8 26. Ne5 Qf6 27. e3 Nd6 28. Bd3 Qxh4 29. Qf2 Qxf2+ 30. Kxf2 Bf5 31. Kf3 Bxd3 32. Nxd3 Nf5 33. b4 cxb4 34. Rxb4 Rc7 35. Ne5 Kg7 36. Nc6 h5 37. e4 Nd6 38. e5 Nf5 39. Rb1 h4 40. Rc1 Rd7 41. a4 Rb7 42. Rb1 Rc7 43. Rb2 Kf7 44. a5 bxa5 45. c5 Rxc6 46. dxc6 Nd4+ 47. Kg4 Nxc6 48. Kxh4 Nb4 49. Kg5 Ke6 50. Kxg6 Nd3 51. f5+ Kxe5 52. Re2+ Kd5 53. Rd2 1-0